000 00636nam a2200229Ia 4500
003 OSt
005 20221007073115.0
006 a|||||r|||| 00| 0
007 ta
008 221006b |||||||| |||| 00| 0 eng d
024 _a17,883
037 _cTextual
040 _aFLL
_cFLL
_beng
041 _2eng
_aeng
082 _aY1744.61.N7, K8
100 _aDotson F. Au.
_9691908
245 0 _aIndian minority of zambia, rhodesia, and malawi
260 _aLondon
_bYale university press England
_c1968
300 _a444p
_ccm.
942 _hY1744.61.N7, K8
_cTEXL
_2CC
999 _c1147693
_d1147693